000 00242nam a2200109Ia 4500
008 260210s9999 xx 000 0 und d
020 _a9789881506979
100 _aGao
245 0 _aPublic Square Landscapes
260 _bDMPL
942 _cBPLAN
999 _c14223
_d14223